00300nam a2200097Ia 4500008004100000245001900041260002500060300002000085650001900105856007800124160712s9999 xx 000 0 und d aPractical Arts c2011bDiliman Review avol. 58 no. 1-4 xPRACTICAL ARTS uhttp://journals.upd.edu.ph/index.php/dilimanreview/issue/view/513/showToc